000 00929nam a2200253 i 4500
003 DO-SdBNP
005 20240618090350.0
007 ta
008 240618s1949 dr r 000 0 spa d
040 _aDO-SdBNP
_bspa
_cBNPHU
_erda
082 _a616.832
_bS612e
_222
111 _aSimposium de encefalomielitis equina :
_c(5 de junio,1949 : Santo Domingo, República Dominicana)
_985686
245 1 3 _aEncefalomielitis equina
264 1 _aSanto Domingo :
_bSecretaría de Estado de Sanidad y Asistencia Pública de la República Dominicana,
_c1949
300 _aVolumen 1 (paginación varia). ;
_c29 cm.
336 _2rdacontent
_atexto
_btxt
337 _2rdamedia
_asin mediación
_bn
338 _2rdacarrier
_avolumen
_bnc
500 _aPolítica sanitaria de la era de Trujillo
590 _aInventariado, 2024/ DG
650 _aENCEFALITIS EQUINA
_914357
_xCONGRESOS, CONFERENCIAS, ETC
910 _aDG
942 _2ddc
_cLBS1
999 _c56869
_d56869